000 00523nam a2200169Ia 4500
003 Ost
005 20260507075018.0
008 260507s9999||||xx |||||||||||||| ||und||
040 _cfsecg
041 _aara
082 _a300
100 _aيونس، محمد
_eمؤلف
245 0 _aمقدمة في النقود و أعمال البنوك و الاسواق المالية /
_c محمد يونس
260 _aالاسكندرية:
_bالدار الجامعية,
_c2002
300 _a422 صفحة؛
942 _cكتاب
999 _c42243
_d42243